1791 1906 1776 1618 1211 1667 1713 1269 1100 1106 1194 1988 1617 1475 1805 1291 1871 1181 1160 1345 1827 1745 1468 1879 1456 1939 1664 1644 1136 1582 1036 1536 1070 1554 1516 1603 1911 1884 1361 1949 1747 1468 1814 1692 1231 1891 1147 1174 1143 1448 1628 1002 1398 1918 1648 1577 1754 1806 1156 1517 1771 1655 1835 1136 1559 1637 1635 1725 1525 1792 1510 1568 1413 1831 1871 1957 1756 1561 1442 1568 1281 1187 1844 1949 1555 1542 1109 1328 1483 1092 1507 1997 1661 1853 1254 1103 1626 1451 1202 BCNSPRNW ULIB Ver.6.0+V

เปลี่ยนเป็นภาษาไทย

Change to English
 แสดงรายละเอียดบรรณานุกรม
  กลับหน้าหลัก

Brief Record : Get Marc (ISO 2709) : E-mail record : QR code < ปิดหน้าต่าง
LEADER : 00000nam 2200000uu 4500
001    13399111010
003     ULIB
008    110614s||||||||th 000 0 tha d
020    9786117046414
050 04 AE71^bพ955ล 2552
100 0  Richard Platt
245 10 โลกพิศวง ของ สายลับจารชน /^cโดย Richard Platt , แปล ; กฤษณ์ ส่องโลก
250    พิมพ์ครั้งที่ 1
260    กรุงเทพฯ :^bเนชั่น เอ็กมอนท์,^c2552
300    64 หน้า :^bภาพประกอบสี
650  7 นิติเวช
650  7 สายลับ
700 0  กฤษณ์ ส่องโลก,^eแปล
700 0  ภานุวัฒน์ ชุติวงศ์,^eตรวจสอบความถูกต้อง
945    ^p395^l0^i029064
995    ทศพร
999 ^a ใช้งานได้ทุกระบบ
รายการนี้ยังไม่มีแท็ก
คุณยังไม่ได้ล็อกอิน คุณสามารถมีกิจกรรมร่วมกับเว็บไซต์ได้ แต่ต้องล็อกอินก่อน ::
  ล็อกอิน

รายการสื่อสารสนเทศ

ลำดับที่ ประเภท เลขเรียก/บาร์โค้ด สถานที่ สถานะ
- ไม่พบข้อมูล -

รายการใกล้เคียง
    หัวเรื่อง [นิติเวช]
    หัวเรื่อง [สายลับ]

BibComment


ยังไม่เคยถูกคอมเมนท์

คอมเมนท์ทรัพยากรรายการนี้
  คอมเมนท์: โลกพิศวง ของ สายล..


 Copyright 2026. Bcnsprnw @Library